| 000 | 00415nam a2200109Ia 4500 | ||
|---|---|---|---|
| 999 |
_c15014 _d15014 |
||
| 082 | _aRR 020.621025 IFL- | ||
| 245 | 0 | _aIFLA directory | |
| 260 |
_aThe Hague _bIFLA Headquarters Publications |
||
| 500 | _acontents: Acc. no. 35478 (1996-1997), (1996), (257p.: photographs) - Acc. no. S153 (2009-2011), (2010), (161p.) | ||
| 650 |
_aInternational agency libraries - Directories - 1996-1997 _v2009-2011 |
||
| 942 |
_cRP _2ddc |
||